Statistics for Largest Indian Ocean Cities on a Map

Click here to take the quiz!

General Stats

  • This quiz has been taken 596 times
    (568 since last reset)
  • The average score is 13 of 16

Answers on the Map

Answers color-coded by a green-red scale on the quiz's map according to % correct below.
 

Answer Stats

PopulationCity% Correct
5,350,000Dubai
98%
25,100,000Mumbai
98%
4,750,000Colombo
95%
4,750,000Kuwait City
95%
17,800,000Karachi
93%
6,450,000Dar es Salaam
91%
4,950,000Jeddah
90%
4,975,000Melbourne
89%
11,300,000Chennai
88%
8,900,000Kuala Lumpur
88%
5,600,000Yangon
86%
3,425,000Durban
82%
4,925,000Chittagong
79%
2,500,000Dammam
60%
6,600,000Surat
60%
4,000,000Medan
56%

Score Distribution

Percentile by Number Answered

Percent of People with Each Score

Your Score History

You have not taken this quiz since the last reset